Quizzes
Events
Quiz Creation
Community
Videos
Private Events
Remove Ads
Sign In
Join for FREE
Feedback
Dark Mode
Quiz Categories
Sports
Geography
Music
Movies
Television
Just For Fun
Miscellaneous
History
Literature
Language
Science
Gaming
Entertainment
Religion
Holiday
For Kids
Quiz Lab
Recent
Popular Today
Quiz Kudos Today
Editor Picks
Curator Picks
Quizzes by...
Day
Popularity
Type
Ratings
Length
Year
Community
Subscriptions
Recent Discussions
Orange Saloon
Badges
Playlists
Quests
Create
Leaderboards
Showdown
Live 5
Trivia Bingo
Activity
Puzzle Library
Sporcle Events
Private Events
Virtual Trivia
Globe League
Become a Host
Pub Owners
SporcleCon
Opinionation
Our Games
Videos
Blog
Mobile Apps
Partnerships
Remove Ads and Go Orange
Feedback
Holiday
Halloween
Christmas
Holiday Songs
April Fools'
Thanksgiving
Valentine's Day
Easter
St Patrick's Day
National Holiday
Religious Holiday
Holiday
Halloween
Christmas
Holiday Songs
April Fools'
Thanksgiving
Valentine's Day
Easter
St Patrick's Day
National Holiday
Religious Holiday
Random Quiz
Search Sporcle
×
Curator Pick
Curator Pick
Holiday
Halloween
Type in answers that appear in a list
Type in answers that appear in a list
Classic
Best Score? Go Orange.
Mixed Word Halloween Safe Cracker Stats
Can you name the answers in each Halloween-related category to crack the safe?
By
ChicagoGuy88
2m
24 Questions
2,370 Plays
2,370 Plays
2,370 Plays
Comments
Comments
Give Quiz Kudos
Give Quiz Kudos
-
- Ratings
hide this ad
No Skip
Answers have to be entered in order without skipping
Answers have to be entered in order without skipping
Replay
Link that replays current quiz
Next Quiz
Link to next quiz in quiz playlist
You Got
0%
They Got
Avg Score
52%
Avg Friend Score
Upgrade to see
Score Distribution
Jump to the score distribution portion of the page
Score
0/24
Timer
02:00
0
Plays Today
Scramble
Answer
% Correct
?
???
99.7%
?
???
95.3%
?
???
89.8%
?
???
85%
?
???
71.9%
?
???
69.7%
?
???
66.6%
?
???
65.8%
?
???
65%
?
???
64.6%
?
???
62.1%
?
???
61.3%
Scramble
Answer
% Correct
?
???
61.2%
?
???
60.8%
?
???
54.4%
?
???
45.9%
?
???
27.2%
?
???
27.1%
?
???
19.4%
?
???
18.8%
?
???
12.1%
?
???
11.5%
?
???
11%
?
???
10.3%
Quiz Playlist
Details
Report
Send in Message
Add To Playlist
Classic:
Type in answers that appear in a list
No Skip:
Answers have to be entered in order without skipping
Last Updated: Apr 26, 2017
Curator Pick in
Halloween
Quiz Scoreboard
CHALLENGE
Sign Up to Join the Scoreboard
Show All
Scores
Hide
Comments
May contain spoilers
Recently Published
TV Characters by Other Roles V
by ghcgh
Television
5m
Decade Duel: World Leaders
by jenniferyan
History
4m
Alphabetical 'K' Countries by Flag Minefield
by ylime102
Geography
3m
More to Explore
Quiz From the Vault
Featured Blog Post
15 Basketball Trivia Facts You Can Be March Mad About
hide this ad
You Might Also Like...
Tags
Halloween Quiz
Mixed Word Quiz
Cracker
Safe Cracker
Word Jumble
Today's Top Quizzes in Holiday
Browse Holiday
hide this ad
Today's Top Quizzes in Halloween
Browse Halloween
Top Contributed Quizzes in Holiday
1
Pick 6: Holidays
2
Pick 6: Halloween Costumes
3
Pick 6: Christmas Villains
4
Pick 6: Christmas
5
Seasons Vowels
6
Sunday Crossword: St. Patrick's Day
7
7-to-1: Easter
8
April Fools' Match
9
Spring Holidays Are Everywhere
10
One Subcategory in 15 Categories - Easter
Explore More
Trending Topics
Crossword
Kpop
Disney
NBA
Harry Potter
Anime
Marvel
Pokémon
Puzzle
Soccer
The Office
NFL
Country
WWE
Song
hide this ad
More By:
ChicagoGuy88
Quiz
Plays
Rating
Category
Featured
Created
US States (Redux)
1,359,190
3.91
Geography
May 22, 2012
Countries: North to South
209,590
4.13
Geography
Apr 21, 2017
Country City Match
96,494
4.35
Geography
Mar 9, 2013
Spanish Color Flashcards
81,680
4.27
Language
Jun 16, 2012
A Graded Logic Test
81,612
3.88
Miscellaneous
Apr 23, 2013
Go to Creator's Profile
Score Distribution
Quiz Creator Spotlight
ChicagoGuy88
Follow
Send a Message
Quizzes Created
-
Created Quiz Play Count
-
More By This Creator
Popular Quizzes Today
1
Countries of Asia Without Outlines Minefield
2
Find the US States - No Outlines Minefield
3
Pick 6: Fruits
4
The Countries of the World
5
Find the Countries of Europe - No Outlines Minefield
6
Alphabetical 'K' Countries by Flag Minefield
7
Find the US States
8
US States
More Holiday Quizzes
Postcards from the Festival
Curator's Pick
Trending Quizzes
Pick 6: Mountains
Pick 6: Harry Potter
Pick 6: NFL Teams
Pick 6: Flags
C Names for Actors
Recently Updated
Adaptations: Name the Title
pecheneg
NWSL Teams
pecheneg
Women's Final Four Teams by Year
bhenderson79
Presidents Quartet II
eogle
Anything But Clue(do)
eogle
Anything But Oceanian Capitals
eogle
Anything But 7
eogle
Anything But Thing
eogle
Word Ladder: February 29
pecheneg
Song Title Questions
pecheneg
Trending Topics
Disney
Crossword
NBA
Kpop
Marvel
Anime
Harry Potter
The Office
WWE
Song
Soccer
Puzzle
Country
Pokémon
NFL
Your Account Isn't Verified!
In order to create a playlist on Sporcle, you need to verify the email address you used during registration. Go to your
Sporcle Settings
to finish the process.
Report this User
Report this user for behavior that violates our
Community Guidelines
.
Details:
Send Report
Go to the Sporcle.com Mobile Site →
Comments